| 000 | 00456nam a22001577a 4500 | ||
|---|---|---|---|
| 020 | _a8173715254 | ||
| 082 |
_a550 _bHOU/E |
||
| 100 | _aHOUGH, SUSAN ELIZBETH | ||
| 245 |
_aEARTHSHAKING SCIENCE _bSOCIAL SCIENCE- EARTH QUAKE |
||
| 246 |
_aEARTHSHAKING SCIENCE _bSOCIAL SCIENCE- EARTH QUAKE |
||
| 260 |
_aUK _bPRINCETON UNIVERSITY PRESS _c2002 |
||
| 300 | _a238 | ||
| 520 | _aSOCIAL SCIENCE- EARTH QUAKE | ||
| 650 | _aSOCIAL SCIENCE-EARTH QUAKE | ||
| 942 | _cBK | ||
| 999 |
_c1605 _d1605 |
||